| 000 | 00469 a2200157 4500 | ||
|---|---|---|---|
| 020 | _a1932735003 | ||
| 040 |
_aDLC _bDLC |
||
| 100 | _aMulcahy, Rita | ||
| 245 |
_aPMP Exam Prep: Rita's Course in a Book for Passing the PMP Exam _cRita Mulcahy |
||
| 250 | _a5th ed. | ||
| 260 |
_aUSA: _bRMC Publications, Inc., _c2005. |
||
| 300 |
_aix, 445 p. : _bill. ; _c28 cm. + _e1 CD ROM |
||
| 500 | _aInclude index. | ||
| 650 | _aProject management | ||
| 942 |
_cBK _k658.404076 MUL _2ddc |
||
| 999 |
_c10167 _d10167 |
||